Principles of interactive computer graphics (Record no. 39376)

MARC details
000 -LEADER
fixed length control field 00387nam a2200145Ia 4500
082 ## - DEWEY DECIMAL CLASSIFICATION NUMBER
Classification number 681.31:519.1
Item number NEW
100 ## - MAIN ENTRY--AUTHOR NAME
Personal name Newman, William M
245 #0 - TITLE STATEMENT
Title Principles of interactive computer graphics
250 ## - EDITION STATEMENT
Edition statement Ed.2
260 ## - PUBLICATION, DISTRIBUTION, ETC. (IMPRINT)
Place of publication London
Name of publisher McGraw Hill
Year of publication 1979
650 ## - SUBJECT ADDED ENTRY--TOPICAL TERM
Topical Term Computer graphics
700 ## - ADDED ENTRY--PERSONAL NAME
Personal name Sproull, Robert F
942 ## - ADDED ENTRY ELEMENTS (KOHA)
Koha item type Books
Holdings
Withdrawn status Lost status Damaged status Not for loan Home library Current library Date acquired Cost, normal purchase price Full call number Accession Number Koha item type
        RRII Library RRII Library 16/12/2021 116.45 681.31:519.1 NEW 19711 Books